[Event "Nezhmetdinov Memorial 40th"]
[Site "Kazan"]
[Date "2018.09.20"]
[Round "8"]
[White "Rafikov, Danis"]
[Black "Guzhova, Amina"]
[Result "1/2-1/2"]
[WhiteElo "1307"]
[BlackElo "1554"]
[PlyCount "94"]
[EventDate "2018.09.13"]
[EventType "swiss"]
[EventRounds "9"]
[EventCountry "RUS"]
[SourceTitle "CBM 186 Extra"]
[Source "ChessBase"]
[SourceDate "2018.08.24"]
[SourceVersion "1"]
[SourceVersionDate "2018.08.24"]
[SourceQuality "1"]

1. e4 c5 2. Nf3 Nc6 3. Bb5 Nd4 4. Nxd4 cxd4 5. 0-0 a6 6. Be2 d6 7. c3 dxc3 8. bxc3 Nf6 9. Na3 g6 10. Nc4 Nxe4 11. Qc2 Nf6 12. d4 Bg7 13. Re1 0-0 14. Bf3 Rb8 15. Ba3 b5 16. Ne3 Qc7 17. c4 bxc4 18. Qxc4 Qxc4 19. Nxc4 Be6 20. Na5 Rb6 21. Nc6 Re8 22. Rac1 Bf8 23. d5 Bd7 24. Rc2 Bf5 25. Rce2 Rb1 26. Rxb1 Bxb1 27. Bb2 Nd7 28. Bd4 Bd3 29. Re1 Bb5 30. Rb1 e5 31. dxe6 fxe6 32. Re1 d5 33. Rxe6 Rxe6 34. Bxd5 Kf7 35. Nd8+ Ke7 36. Nxe6 Kd6 37. Bb3 a5 38. Nxf8 Nxf8 39. a4 Bd3 40. f3 Kc6 41. Kf2 h5 42. Ke3 Bf5 43. Bc3 Ne6 44. Bxe6 Bxe6 45. Bxa5 Bb3 46. Kf4 Bxa4 47. Kg5 Bc2 1/2-1/2

[Event "Nezhmetdinov Memorial 40th"]
[Site "Kazan"]
[Date "2018.09.14"]
[Round "2"]
[White "Garifullina, Leya"]
[Black "Rafikov, Danis"]
[Result "1-0"]
[WhiteElo "2053"]
[BlackElo "1307"]
[PlyCount "57"]
[EventDate "2018.09.13"]
[EventType "swiss"]
[EventRounds "9"]
[EventCountry "RUS"]
[SourceTitle "CBM 186 Extra"]
[Source "ChessBase"]
[SourceDate "2018.08.24"]
[SourceVersion "1"]
[SourceVersionDate "2018.08.24"]
[SourceQuality "1"]

1. d4 d5 2. c4 e6 3. Nc3 Be7 4. cxd5 exd5 5. Bf4 Nf6 6. e3 c6 7. Bd3 Nbd7 8. h3 Nf8 9. Nf3 Ne6 10. Bh2 g6 11. Qc2 Ng7 12. g4 Bd6 13. Ne5 0-0 14. 0-0-0 Ne4 15. Nxe4 dxe4 16. Bxe4 f5 17. Bd3 fxg4 18. hxg4 Be6 19. Bf4 Bd5 20. Rh2 Bxe5 21. Bxe5 Bf3 22. Bc4+ Bd5 23. Rdh1 Ne6 24. Rxh7 Qg5 25. Bxd5 cxd5 26. Rh8+ Kf7 27. R1h7+ Ke8 28. Qa4+ Kd8 29. Qd7# 1-0